Identidades Mestizas y Ficción Literaria
Enregistré dans:
| Format: | Inconnue |
|---|---|
| Langue: | Spanish |
| Publié: |
[Lugar de publicación no identificado] :
[editor no identificado],
[fecha de publicación no identificada].
|
| Sujets: | |
| Tags: |
Ajouter un tag
Pas de tags, Soyez le premier à ajouter un tag!
|
MARC
| LEADER | 000000000a22000000004500 | ||
|---|---|---|---|
| 001 | 010486 | ||
| 041 | 0 | |a spa | |
| 082 | 0 | 4 | |a 306.728.1 |b I19i |
| 245 | 1 | 0 | |a Identidades Mestizas y Ficción Literaria |
| 260 | 1 | |a [Lugar de publicación no identificado] : |b [editor no identificado], |c [fecha de publicación no identificada]. | |
| 300 | |a 18 páginas | ||
| 650 | 4 | |a CULTURA GUATEMALTECA | |
| 650 | 4 | |a MESTIZOS | |
| 999 | |c 16072 |d 16072 | ||
| 942 | |c BK |h 306.728.1 I19i |2 z | ||
